| 000 | 00000nam 2200000za 4500 |
| 001 | 9.806358 |
| 003 | CaOODSP |
| 005 | 20221107135856 |
| 007 | cr ||||||||||| |
| 008 | 160420s2016 oncdo ob f000 0 fre d |
| 020 | |a978-0-660-03891-9 |
| 040 | |aCaOODSP|bfre |
| 043 | |an-cn--- |
| 086 | 1 |aHP35-65/2016F-PDF |
| 100 | 1 |aFreeman, John G.|q(John Gregory),|d1956- |
| 245 | 10|aComportements de santé des jeunes d'âge scolaire au Canada |h[ressource électronique] : |bun accent sur les relations / |cJohn Freeman, Matthew King, William Pickett. |
| 260 | |a[Ottawa] : |bAgence de santé publique du Canada, |cc2016. |
| 300 | |aviii, 208 p. : |bfig., graphiques, tableaux, photographies |
| 500 | |aPublié aussi en anglais sous le titre : Health Behaviour in School-aged Children (HBSC) in Canada, focus on relationships. |
| 500 | |aLe n° de catalogue (HP35-65/2016E) et l’ISBN (978-0-660-03890-2) imprimés dans cette publication sont incorrects. |
| 504 | |aComprend des références bibliographiques. |
| 520 | |aL’Enquête sur les comportements de santé des jeunes d’âge scolaire (Enquête HBSC) est un projet de recherche multinational continu mené en collaboration avec le Bureau régional de l’Europe de l’Organisation mondiale de la Santé. Son objectif est de contribuer à l’enrichissement des connaissances sur la santé, le bien-être et les comportements associés chez les jeunes âgés de 11 à 15 ans. En 2014, septième cycle de l’Enquête HBSC au Canada, le questionnaire pour les élèves a été distribué à 29 784 jeunes dans 377 écoles au Canada. Le rapport de 2014 diffère du rapport précédent de 2010 sous trois aspects majeurs. Tout d’abord, à la différence du rapport précédent, auquel les jeunes du Nouveau-Brunswick et de l’Île-du-Prince-Édouard n’avaient pas participé, la présente enquête comprend des données provenant des 10 provinces et des trois territoires du Canada. En deuxième lieu, le présent rapport comporte de l’information sur une gamme plus large de sujets, notamment la qualité du sommeil, la santé spirituelle, l’utilisation des médias sociaux et les problèmes de santé chroniques. Enfin, alors que le rapport précédent portait sur la santé mentale, le rapport de 2014 se concentre sur le soutien offert dans quatre contextes (famille, école, amis et collectivité) pour répondre à la question : Les relations font-elles une différence? |
| 530 | |aÉgalement publié en version imprimée. |
| 692 | 07|2gccst|aEnfant |
| 692 | 07|2gccst|aAdolescent |
| 692 | 07|2gccst|aSanté |
| 692 | 07|2gccst|aRelations interpersonnelles |
| 700 | 1 |aPickett, William,|d1962- |
| 700 | 1 |aKing, Matthew A. |
| 710 | 2 |aAgence de santé publique du Canada. |
| 775 | 08|tHealth Behaviour in School-aged Children (HBSC) in Canada |w(CaOODSP)9.806357 |
| 856 | 40|qPDF|s36.27 Mo|uhttps://publications.gc.ca/collections/collection_2016/aspc-phac/HP35-65-2016-fra.pdf |
| 986 | |aNuméro de publication : 150150 |